000 00892cab a2200313 4500
001 ABS52707
008 090401t1995 xxu||||| |||| 00| 0 eng d
035 _a(Sirsi) u92219
041 _aeng
245 _aMarket report: East Anglia
260 _c1995
350 _a0
490 _aProperty Week
_v51(3) 20 April 1995, 38-58(9)
650 _aCAMBRIDGE
650 _aCOLCHESTER
650 _aEAST ANGLIA
650 _aHUNTINGDON
650 _aINDUSTRIAL MARKET
650 _aIPSWICH
650 _aNORWICH
650 _aPROPERTY-COMMERCIAL PROPERTY-OFFICE PROPERTY-OFFICE PROPERTY MARKET
650 _aPETERBOROUGH
650 _aPLANNING ISSUES
650 _aPROPERTY-COMMERCIAL PROPERTY-RETAIL PROPERTY-RETAIL PROPERTY MARKET
650 _aTRANSPORT ISSUES
690 _aPROPERTY-COMMERCIAL PROPERTY-COMMERCIAL PROPERTY MARKET
942 _n0
948 _c04/03/1997
999 _c58470
_d58470